INDIAN JOURNAL OF ENTOMOLOGY (Record no. 9560)
[ view plain ]
| 000 -LEADER | |
|---|---|
| fixed length control field | 00461nam a2200145Ia 4500 |
| 022 ## - INTERNATIONAL STANDARD SERIAL NUMBER | |
| ISSN | 0367-8288 |
| 245 #0 - TITLE STATEMENT | |
| Title | INDIAN JOURNAL OF ENTOMOLOGY |
| 260 ## - PUBLICATION, DISTRIBUTION, ETC. (IMPRINT) | |
| Name of publisher | The Entomological Society of lndia, New Delhi |
| Place of publication | India |
| 310 ## - CURRENT PUBLICATION FREQUENCY | |
| Current publication frequency | Q |
| 500 ## - GENERAL NOTE | |
| General note | Ending Volume & Year: 62, 2000 |
| 500 ## - GENERAL NOTE | |
| General note | Missing Volume: 29-31;32(3);39-45;(53(4)check in the shelf);55(4) |
| 500 ## - GENERAL NOTE | |
| General note | Starting Volume & Year: 27, 1965 |
| 942 ## - ADDED ENTRY ELEMENTS (KOHA) | |
| Koha item type | Bound Journal |
| Withdrawn status | Lost status | Damaged status | Not for loan | Home library | Current library | Date acquired | Accession Number | Koha item type |
|---|---|---|---|---|---|---|---|---|
| Bound journals | RRII Library | RRII Library | 31/12/2021 | 09507J | Bound Journal |